| 000 | 00000nam##2200000za#4500 |
| 001 | 9.581580 |
| 003 | CaOODSP |
| 005 | 20211126112846 |
| 007 | cr ||||||||||| |
| 008 | 150406|2015||||xxc|||||o f|0| 0 eng|d |
| 022 | |a1701-9397 |
| 040 | |aCaOODSP|beng |
| 043 | |an-cn--- |
| 086 | 1 |aFB3-2/115-11E-PDF |
| 110 | 2 |aBank of Canada. |
| 245 | 10|aFourier inversion formulas for multiple-asset option pricing / |h[electronic resource]|cby Bruno Feunou and Ernest Tafolong. |
| 260 | |aOttawa - Ontario : |bBank of Canada |cMarch 2015. |
| 300 | |a47p.|bgraphs, references, tables |
| 490 | 1 |aBank of Canada working paper|x1701-9397|v2015-11 |
| 546 | |aRésumé en français. |
| 590 | |a15-12|b2015-03-20 |
| 830 | #0|aWorking paper (Bank of Canada)|x1701-9397|v2015-11|w(CaOODSP)9.504604 |
| 856 | 40|ahttp://publications.gc.ca|qPDF|s1005 KB|uhttps://publications.gc.ca/collections/collection_2015/banque-bank-canada/FB3-2-115-11-eng.pdf|y2015-11 |